ကိုယ်တွေ့ပင်လုံ / (Record no. 27306)

000 -LEADER
fixed length control field 00825nam a22001817a 4500
005 - DATE AND TIME OF LATEST TRANSACTION
control field 20260122160827.0
008 - FIXED-LENGTH DATA ELEMENTS--GENERAL INFORMATION
fixed length control field 230718b ||||| |||| 00| 0 eng d
040 ## - CATALOGING SOURCE
Transcribing agency SSBUL
Modifying agency SSBUL
082 ## - DEWEY DECIMAL CLASSIFICATION NUMBER
Edition number 23
Classification number ၉၅၉.၁၁၆ ဖေ ၁၆၁၁၇ (S-SAT)
100 0# - MAIN ENTRY--PERSONAL NAME
Personal name ဖေခင်၊
Titles and words associated with a name ဦး။
9 (RLIN) 5893
245 ## - TITLE STATEMENT
Title ကိုယ်တွေ့ပင်လုံ /
Statement of responsibility, etc. ဦးဖေခင်။
260 ## - PUBLICATION, DISTRIBUTION, ETC.
Place of publication, distribution, etc. ရန်ကုန်၊
Name of publisher, distributor, etc. ကြေးမုံသတင်းစာတိုက်၊
Date of publication, distribution, etc. ၁၉၉၀။
300 ## - PHYSICAL DESCRIPTION
Extent ၁၅၆ စာမျက်နှာ၊
Other physical details ဓာတ်ပုံများ၊
Dimensions ၂၃ စင်တီ။
500 ## - GENERAL NOTE
General note S-SAT: Dr. Prof Sai Aung Tun
651 ## - SUBJECT ADDED ENTRY--GEOGRAPHIC NAME
Geographic name ပင်လုံ။
9 (RLIN) 28114
Geographic name မြန်မာနိုင်ငံ
Form subdivision သမိုင်း။
9 (RLIN) 12387
942 ## - ADDED ENTRY ELEMENTS (KOHA)
Source of classification or shelving scheme
Koha item type Book (Short term)
Holdings
Withdrawn status Lost status Source of classification or shelving scheme Damaged status Not for loan Collection code Permanent Location Current Location Shelving location Date acquired Total Checkouts Full call number Barcode Date last seen Price effective from Koha item type Accession
          Special Collections Shan State Buddhist University Library Shan State Buddhist University Library Special Collection Shelves 18/07/2023   ၉၅၉.၁၁၆ ဖေ ၁၆၁၁၇ (S-SAT) MB00016177 18/07/2023 18/07/2023 Book (Short term) ၁၆၁၁၇ (S-SAT)

Library - 09407999929
Admin Office - 09407999979
Dean Office - 09250910768
Registrar Office - 09892297154
Email - [email protected]
Shan State Buddhist University, Phaya Phyu Taunggyi, Shan State, Myanmar.